Algebraic surfaces /
Guardado en:
| Autor Principal: | |
|---|---|
| Otros Autores: | |
| Formato: | Libro |
| Idioma: | English |
| Publicado: |
Berlin :
Springer,
c1995.
|
| Edición: | [2nd supplemented ed.]. |
| Series: | Classics in mathematics
|
| Materias: | |
| Etiquetas: |
Agregar Etiqueta
Sin Etiquetas, Sea el primero en etiquetar este registro!
|
| LEADER | 01013pam a2200265 a 4500 | ||
|---|---|---|---|
| 001 | MAT.inmabb003650 | ||
| 008 | 941006r19951971gw#######b####001#0#eng## | ||
| 005 | 20130304114936.0 | ||
| 245 | 1 | 0 | |a Algebraic surfaces / |c Oscar Zariski ; [with appendices by S. S. Abhyankar, J. Lipman, and D. Mumford]. |
| 250 | |a [2nd supplemented ed.]. | ||
| 260 | |a Berlin : |b Springer, |c c1995. | ||
| 300 | |a xi, 270 p. ; |c 24 cm. | ||
| 440 | 0 | |a Classics in mathematics | |
| 500 | |a "Reprint of the 1971 edition." | ||
| 500 | |a Publicado originalmente: Berlin : Springer-Verlag, 1971. (Ergebnisse der Mathematik und ihrer Grenzgebiete ; Bd. 61). | ||
| 504 | |a Incluye referencias bibliográficas (p. [248]-268) e índice. | ||
| 510 | 4 | |a MR, |c 57 #9695 | |
| 020 | |a 354058658X | ||
| 100 | 1 | |a Zariski, Oscar, |d 1899-1986. | |
| 700 | 1 | |a Mumford, David, |d 1937- |4 clb | |
| 650 | 0 | |a Surfaces, Algebraic. | |
| 084 | |a 14Jxx (14-02 32Jxx) |2 msc2000 | ||
| 010 | |a 94039107 | ||
| 040 | |a DLC |c DLC |d DLC | ||
| 859 | |h 14 |i Z37-2 |p A-7159 |b BIB. MATEMATICA | ||
